| 000 | 01104nam1a2200301 i 4500 | ||
|---|---|---|---|
| 001 | RU\NLR\BIBL_A\010455873 | ||
| 005 | 20241225210802.0 | ||
| 010 |
_a9785358134782 _93000 |
||
| 035 | _a(NLR Aleph) 010455873 | ||
| 090 |
_a9950740 _c9950740 |
||
| 100 | _a20131021d2014 u||y0rusy50 ca | ||
| 101 | 0 | _arus | |
| 102 | _aRU | ||
| 105 | _a j|||00|yy | ||
| 200 | 1 |
_aМузыка _e3 класс _eучебник _eв 2 ч. _fВ. В. Алеев, Т. Н. Кичак |
|
| 205 | _a9-е изд., стер. | ||
| 210 |
_aМосква _cДрофа _d2014 |
||
| 215 | _d27 | ||
| 225 | 1 |
_aРазвитие. Индивидуальность. Творчество. Мышление _eРИТМ |
|
| 225 | 1 | _aФГОС | |
| 606 |
_aМузыка _jУчебники для начальной школы _9888123 _3RU\NLR\AUTH\66429 |
||
| 686 | 1 | _aЩ31я72 | |
| 700 | 1 |
_aАлеев _bВ. В. _gВиталий Владимирович _4070 |
|
| 701 | 1 |
_aКичак _bТ. Н. _gТатьяна Николаевна |
|
| 852 |
_aNLR _j2013-7/5286 |
||
| 942 | _cBOOK | ||